[Event "Irena Warakomska Memorial 2019"]
[Site "Suwalki"]
[Date "2019.08.11"]
[Round "8"]
[White "Korbal, Arkadiusz"]
[Black "Dzhuguryan, Tygran"]
[Result "1-0"]
[Board "36"]
[WhiteElo "2168"]
[WhiteCountry "POL"]
[WhiteFideId "1133837"]
[WhiteEloChange "12"]
[BlackElo "2229"]
[BlackCountry "POL"]
[BlackFideId "21872988"]
[BlackEloChange "-12"]

1. d4 {[%clk 1:30:56]} Nf6 {[%clk 1:30:54]} 2. c4 {[%clk 1:31:19]} e6 {[%clk
1:31:16]} 3. g3 {[%clk 1:31:40]} Bb4+ {[%clk 1:25:03]} 4. Nd2 {[%clk 1:31:08]}
Ne4 {[%clk 1:25:24]} 5. Nf3 {[%clk 1:30:42]} Qf6 {[%clk 1:25:34]} 6. Bg2 {[%clk
1:30:20]} Bxd2+ {[%clk 1:25:51]} 7. Bxd2 {[%clk 1:30:43]} Nxd2 {[%clk 1:26:16]}
8. Qxd2 {[%clk 1:31:01]} d6 {[%clk 1:26:23]} 9. O-O {[%clk 1:30:56]} O-O {[%clk
1:26:47]} 10. b4 {[%clk 1:27:56]} Re8 {[%clk 1:18:17]} 11. Rfd1 {[%clk 1:23:28]}
a5 {[%clk 1:16:14]} 12. b5 {[%clk 1:22:48]} Nd7 {[%clk 1:16:34]} 13. c5 {[%clk
1:14:34]} dxc5 {[%clk 1:07:21]} 14. dxc5 {[%clk 1:14:58]} Nxc5 {[%clk 1:07:47]}
15. Rac1 {[%clk 1:15:12]} b6 {[%clk 1:06:14]} 16. Nd4 {[%clk 1:14:23]} Bb7 {[%clk
1:03:46]} 17. Bxb7 {[%clk 1:12:55]} Nxb7 {[%clk 1:04:14]} 18. Rxc7 {[%clk
1:13:14]} Nc5 {[%clk 1:04:42]} 19. Nc6 {[%clk 1:11:03]} h5 {[%clk 0:58:00]} 20.
h4 {[%clk 0:56:23]} e5 {[%clk 0:41:32]} 21. Qg5 {[%clk 0:52:50]} Qxg5 {[%clk
0:38:35]} 22. hxg5 {[%clk 0:53:17]} Kf8 {[%clk 0:38:33]} 23. Rd5 {[%clk 0:49:48]}
e4 {[%clk 0:38:19]} 24. Rxc5 {[%clk 0:47:53]} bxc5 {[%clk 0:38:46]} 25. b6 {[%clk
0:48:18]} Ra6 {[%clk 0:38:53]} 26. b7 {[%clk 0:47:09]} Rb6 {[%clk 0:39:21]} 27.
Nxa5 {[%clk 0:43:51]} Rb2 {[%clk 0:14:22]} 28. Nc4 {[%clk 0:39:43]} Rb1+ {[%clk
0:13:44]} 29. Kg2 {[%clk 0:40:05]} Rd8 {[%clk 0:13:43]} 30. f4 {[%clk 0:29:19]}
Rd4 {[%clk 0:10:22]} 31. Na3 {[%clk 0:25:22]} Rb2 {[%clk 0:05:30]} 32. Rc8+
{[%clk 0:25:40]} Ke7 {[%clk 0:05:58]} 33. b8Q {[%clk 0:25:55]} Rxb8 {[%clk
0:06:23]} 34. Rxb8 {[%clk 0:26:20]} Rd2 {[%clk 0:06:43]} 35. Kf2 {[%clk 0:26:43]}
Rxa2 {[%clk 0:07:10]} 36. Nc4 {[%clk 0:26:56]} Ra4 {[%clk 0:06:10]} 37. Ne3
{[%clk 0:23:42]} g6 {[%clk 0:06:27]} 38. Rb7+ {[%clk 0:23:13]} Ke6 {[%clk
0:06:46]} 39. Rc7 {[%clk 0:23:02]} Ra5 {[%clk 0:05:34]} 40. Nc4 {[%clk 0:53:09]}
Rb5 {[%clk 0:36:00]} 41. Ne5 {[%clk 0:53:21]} 1-0

[Event "Irena Warakomska Memorial 2019"]
[Site "Suwalki"]
[Date "2019.08.12"]
[Round "9"]
[White "Malakhatko, Vadim"]
[Black "Tomczak, Jacek"]
[Result "1/2-1/2"]
[Board "2"]
[WhiteElo "2456"]
[WhiteTitle "GM"]
[WhiteCountry "BEL"]
[WhiteFideId "14104202"]
[WhiteEloChange "2"]
[BlackElo "2628"]
[BlackTitle "GM"]
[BlackCountry "POL"]
[BlackFideId "1124668"]
[BlackEloChange "-2"]

1. Nf3 {[%clk 1:30:56]} Nf6 {[%clk 1:30:47]} 2. c4 {[%clk 1:31:19]} c5 {[%clk
1:31:10]} 3. Nc3 {[%clk 1:31:44]} d5 {[%clk 1:31:32]} 4. cxd5 {[%clk 1:32:10]}
Nxd5 {[%clk 1:31:56]} 5. e3 {[%clk 1:32:08]} e6 {[%clk 1:31:53]} 6. Bb5+ {[%clk
1:32:15]} Bd7 {[%clk 1:29:37]} 7. Be2 {[%clk 1:32:39]} Bc6 {[%clk 1:26:07]} 8.
O-O {[%clk 1:24:25]} Nd7 {[%clk 1:21:39]} 9. b3 {[%clk 1:18:30]} Nxc3 {[%clk
0:58:25]} 10. dxc3 {[%clk 1:18:54]} Qf6 {[%clk 0:58:48]} 11. Bb2 {[%clk 1:15:15]}
Qg6 {[%clk 0:48:24]} 12. c4 {[%clk 1:15:28]} O-O-O {[%clk 0:48:31]} 13. Qc1
{[%clk 1:13:45]} Bd6 {[%clk 0:40:39]} 14. Rd1 {[%clk 1:07:00]} Bc7 {[%clk
0:40:08]} 15. Ne1 {[%clk 1:00:50]} e5 {[%clk 0:29:42]} 16. f3 {[%clk 0:37:11]} e4
{[%clk 0:26:57]} 17. f4 {[%clk 0:36:32]} Rhg8 {[%clk 0:24:56]} 18. g3 {[%clk
0:30:41]} Qe6 {[%clk 0:23:34]} 19. Ng2 {[%clk 0:30:47]} f6 {[%clk 0:23:02]} 20.
Rf1 {[%clk 0:26:58]} g5 {[%clk 0:23:13]} 21. Qe1 {[%clk 0:19:39]} h5 {[%clk
0:20:44]} 22. Bxh5 {[%clk 0:15:30]} Rh8 {[%clk 0:09:18]} 1/2-1/2

[Event "Irena Warakomska Memorial 2019"]
[Site "Suwalki"]
[Date "2019.08.12"]
[Round "9"]
[White "Iturrizaga Bonelli, Eduardo"]
[Black "Markowski, Tomasz"]
[Result "0-1"]
[Board "3"]
[WhiteElo "2635"]
[WhiteTitle "GM"]
[WhiteCountry "VEN"]
[WhiteFideId "3901211"]
[WhiteEloChange "-6"]
[BlackElo "2537"]
[BlackTitle "GM"]
[BlackCountry "POL"]
[BlackFideId "1105680"]
[BlackEloChange "6"]

1. c4 {[%clk 1:30:50]} c5 {[%clk 1:30:40]} 2. Nf3 {[%clk 1:31:04]} g6 {[%clk
1:31:01]} 3. d4 {[%clk 1:31:26]} Bg7 {[%clk 1:31:23]} 4. e4 {[%clk 1:31:09]} Qa5+
{[%clk 1:31:18]} 5. Nc3 {[%clk 1:30:53]} Nf6 {[%clk 1:31:41]} 6. Bd3 {[%clk
1:30:59]} cxd4 {[%clk 1:32:02]} 7. Nxd4 {[%clk 1:31:24]} Nc6 {[%clk 1:32:28]} 8.
Nb3 {[%clk 1:31:48]} Qc7 {[%clk 1:32:48]} 9. O-O {[%clk 1:31:25]} O-O {[%clk
1:33:12]} 10. Be2 {[%clk 1:31:08]} d6 {[%clk 1:33:23]} 11. Be3 {[%clk 1:31:17]}
b6 {[%clk 1:33:12]} 12. Rc1 {[%clk 1:31:04]} Bb7 {[%clk 1:33:34]} 13. Qd2 {[%clk
1:23:36]} Rac8 {[%clk 1:33:32]} 14. f3 {[%clk 1:23:01]} Rfe8 {[%clk 1:31:54]} 15.
Rfd1 {[%clk 1:21:37]} Nd7 {[%clk 1:31:49]} 16. Kh1 {[%clk 1:15:58]} Nc5 {[%clk
1:31:10]} 17. Na1 {[%clk 1:15:31]} Qb8 {[%clk 1:29:15]} 18. Nc2 {[%clk 1:11:46]}
Nd7 {[%clk 1:28:33]} 19. b3 {[%clk 1:09:26]} Ba8 {[%clk 1:28:16]} 20. Nd5 {[%clk
0:43:10]} Bb2 {[%clk 1:27:05]} 21. Rb1 {[%clk 0:43:03]} Bg7 {[%clk 1:27:30]} 22.
Rbc1 {[%clk 0:42:43]} Bb2 {[%clk 1:27:52]} 23. Rb1 {[%clk 0:43:10]} Bg7 {[%clk
1:28:18]} 24. Bg5 {[%clk 0:34:23]} Nde5 {[%clk 1:14:57]} 25. b4 {[%clk 0:26:14]}
f6 {[%clk 1:13:30]} 26. Be3 {[%clk 0:22:11]} e6 {[%clk 1:07:54]} 27. Nc3 {[%clk
0:12:44]} Red8 {[%clk 1:05:34]} 28. f4 {[%clk 0:12:56]} Nf7 {[%clk 1:04:19]} 29.
a4 {[%clk 0:07:52]} f5 {[%clk 0:57:57]} 30. exf5 {[%clk 0:08:17]} gxf5 {[%clk
0:57:46]} 31. Nb5 {[%clk 0:07:55]} Qb7 {[%clk 0:51:13]} 32. Bf3 {[%clk 0:06:45]}
Qe7 {[%clk 0:49:00]} 33. Re1 {[%clk 0:05:13]} Qd7 {[%clk 0:48:41]} 34. Bf2 {[%clk
0:02:44]} Ne7 {[%clk 0:47:26]} 35. Bxa8 {[%clk 0:03:02]} Rxa8 {[%clk 0:47:52]}
36. Bh4 {[%clk 0:02:14]} Re8 {[%clk 0:47:34]} 37. Rbd1 {[%clk 0:01:03]} Ng6
{[%clk 0:47:28]} 38. Bg3 {[%clk 0:00:57]} Rad8 {[%clk 0:47:11]} 39. h4 {[%clk
0:00:35]} a6 {[%clk 0:46:03]} 40. h5 {[%clk 0:30:34]} Nf8 {[%clk 1:15:34]} 41.
Nbd4 {[%clk 0:28:11]} Nh6 {[%clk 1:01:27]} 42. b5 {[%clk 0:27:45]} axb5 {[%clk
0:56:29]} 43. axb5 {[%clk 0:28:02]} Qf7 {[%clk 0:55:19]} 44. Nc6 {[%clk 0:27:57]}
Qxh5+ {[%clk 0:55:21]} 45. Kg1 {[%clk 0:28:22]} Rd7 {[%clk 0:55:26]} 46. Qe3
{[%clk 0:25:19]} Bf6 {[%clk 0:52:28]} 47. Qxb6 {[%clk 0:24:45]} Ng4 {[%clk
0:41:23]} 48. Qa5 {[%clk 0:14:56]} Bh4 {[%clk 0:31:24]} 49. Qc3 {[%clk 0:15:22]}
Nf6 {[%clk 0:28:26]} 50. Bxh4 {[%clk 0:03:36]} Qxh4 {[%clk 0:28:43]} 51. Qh3
{[%clk 0:02:42]} Qxf4 {[%clk 0:28:18]} 52. N2d4 {[%clk 0:02:47]} Ne4 {[%clk
0:26:08]} 53. Rf1 {[%clk 0:02:17]} Qg5 {[%clk 0:26:10]} 54. Rd3 {[%clk 0:02:43]}
Rg7 {[%clk 0:25:47]} 55. Nf3 {[%clk 0:02:03]} Qf6 {[%clk 0:25:50]} 56. Nd2 {[%clk
0:02:28]} Ng5 {[%clk 0:20:57]} 57. Qh5 {[%clk 0:02:57]} Ra8 {[%clk 0:16:54]} 58.
Rxd6 {[%clk 0:02:49]} Qc3 {[%clk 0:17:07]} 59. Qe2 {[%clk 0:01:49]} Ra2 {[%clk
0:15:48]} 60. Qd3 {[%clk 0:01:05]} Qf6 {[%clk 0:13:43]} 61. Rd4 {[%clk 0:00:40]}
Qh6 {[%clk 0:13:41]} 62. Re1 {[%clk 0:00:34]} Rxd2 {[%clk 0:13:15]} 0-1

[Event "Irena Warakomska Memorial 2019"]
[Site "Suwalki"]
[Date "2019.08.12"]
[Round "9"]
[White "Nasuta, Grzegorz"]
[Black "Greenfeld, Alon"]
[Result "1/2-1/2"]
[Board "4"]
[WhiteElo "2533"]
[WhiteTitle "GM"]
[WhiteCountry "POL"]
[WhiteFideId "1141686"]
[BlackElo "2510"]
[BlackTitle "GM"]
[BlackCountry "ISR"]
[BlackFideId "2800039"]

1. e4 {[%clk 1:30:57]} c5 {[%clk 1:25:23]} 2. Nf3 {[%clk 1:31:22]} d6 {[%clk
1:25:01]} 3. d4 {[%clk 1:31:39]} cxd4 {[%clk 1:25:06]} 4. Nxd4 {[%clk 1:32:03]}
Nf6 {[%clk 1:25:20]} 5. Nc3 {[%clk 1:32:25]} Nc6 {[%clk 1:24:32]} 6. g3 {[%clk
1:32:50]} g6 {[%clk 1:22:29]} 7. Nde2 {[%clk 1:32:19]} Bg7 {[%clk 1:22:30]} 8.
Bg2 {[%clk 1:32:44]} O-O {[%clk 1:22:43]} 9. O-O {[%clk 1:33:08]} Rb8 {[%clk
1:22:58]} 10. a4 {[%clk 1:32:13]} a6 {[%clk 1:22:10]} 11. h3 {[%clk 1:30:42]} b5
{[%clk 1:20:59]} 12. axb5 {[%clk 1:31:07]} axb5 {[%clk 1:21:24]} 13. Nd5 {[%clk
1:31:22]} Nd7 {[%clk 1:11:40]} 14. c3 {[%clk 1:07:25]} e6 {[%clk 1:07:00]} 15.
Ndf4 {[%clk 0:48:51]} 1/2-1/2

[Event "Irena Warakomska Memorial 2019"]
[Site "Suwalki"]
[Date "2019.08.12"]
[Round "9"]
[White "Shyam, Sundar M."]
[Black "Warakomski, Tomasz"]
[Result "*"]
[Board "5"]
[WhiteElo "2520"]
[WhiteTitle "GM"]
[WhiteCountry "IND"]
[WhiteFideId "5019141"]
[BlackElo "2497"]
[BlackTitle "GM"]
[BlackCountry "POL"]
[BlackFideId "1124552"]

1. e4 {[%clk 1:24:33]} d6 {[%clk 1:30:28]} 2. d4 {[%clk 1:24:54]} Nf6 {[%clk
1:30:55]} 3. Nc3 {[%clk 1:25:22]} e5 {[%clk 1:31:20]} 4. dxe5 {[%clk 1:25:49]}
dxe5 {[%clk 1:31:46]} 5. Qxd8+ {[%clk 1:26:16]} Kxd8 {[%clk 1:32:10]} 6. Bc4
{[%clk 1:26:44]} Be6 {[%clk 1:30:37]} 7. Bxe6 {[%clk 1:27:03]} fxe6 {[%clk
1:31:06]} 8. f3 {[%clk 1:27:31]} Nbd7 {[%clk 1:27:29]} 9. Nh3 {[%clk 1:27:53]}
Bd6 {[%clk 1:26:52]} 10. Nf2 {[%clk 1:28:13]} Ke7 {[%clk 1:24:12]} 11. Ke2 {[%clk
1:20:17]} a6 {[%clk 1:17:24]} 12. a4 {[%clk 1:04:29]} b6 {[%clk 0:51:56]} 13. Rd1
{[%clk 0:52:39]} Rhd8 {[%clk 0:51:12]} 14. g4 {[%clk 0:43:00]} Nb8 {[%clk
0:50:35]} 15. Be3 {[%clk 0:42:39]} Nc6 {[%clk 0:47:56]} 16. Nb1 {[%clk 0:41:54]}
Rab8 {[%clk 0:41:00]} 17. Nd3 {[%clk 0:35:02]} Na5 {[%clk 0:24:15]} 18. Nd2
{[%clk 0:32:07]} c5 {[%clk 0:24:41]} 19. b3 {[%clk 0:32:33]} h6 {[%clk 0:11:20]}
20. Nc4 {[%clk 0:13:12]} Nxc4 {[%clk 0:11:03]} 21. bxc4 {[%clk 0:12:48]} Rdc8
{[%clk 0:05:31]} 22. Rab1 {[%clk 0:13:05]} Nd7 {[%clk 0:03:31]} 23. h4 {[%clk
0:13:28]} Ke8 {[%clk 0:01:00]} 24. h5 {[%clk 0:10:19]} Bc7 {[%clk 0:01:24]} 25.
Rg1 {[%clk 0:09:04]} Kf7 {[%clk 0:01:18]} 26. Rbd1 {[%clk 0:07:54]} Nf6 {[%clk
0:01:10]} 27. Bf2 {[%clk 0:06:54]} b5 {[%clk 0:00:50]} 28. axb5 {[%clk 0:03:29]}
axb5 {[%clk 0:01:16]} 29. cxb5 {[%clk 0:03:52]} c4 {[%clk 0:01:12]} 30. Nb2
{[%clk 0:02:14]} Bb6 {[%clk 0:01:35]} 31. Bxb6 {[%clk 0:01:36]} Rxb6 {[%clk
0:02:01]} 32. Na4 {[%clk 0:02:04]} Rxb5 {[%clk 0:02:24]} 33. Rb1 {[%clk 0:02:31]}
Rcb8 {[%clk 0:00:55]} 34. Nc3 {[%clk 0:02:12]} Rb2 {[%clk 0:01:19]} 35. Rxb2
{[%clk 0:02:39]} Rxb2 {[%clk 0:01:45]} 36. Kd2 {[%clk 0:03:08]} Rb7 {[%clk
0:01:42]} 37. Rb1 {[%clk 0:03:30]} Rc7 {[%clk 0:02:06]} 38. Nb5 {[%clk 0:02:20]}
Rd7+ {[%clk 0:00:50]} 39. Kc3 {[%clk 0:02:35]} g6 {[%clk 0:01:14]} 40. hxg6+
{[%clk 0:32:48]} Kxg6 {[%clk 0:31:41]} 41. Na3 {[%clk 0:31:16]} Kg5 {[%clk
0:25:23]} 42. Nxc4 {[%clk 0:30:32]} Kf4 {[%clk 0:25:48]} 43. Rh1 {[%clk 0:23:21]}
Rc7 {[%clk 0:11:11]} 44. Rxh6 {[%clk 0:12:26]} Nh7 {[%clk 0:11:37]} 45. Rxe6
{[%clk 0:10:18]} Kxf3 {[%clk 0:10:54]} 46. Rxe5 {[%clk 0:10:35]} Kxg4 {[%clk
0:10:15]} 47. Kd4 {[%clk 0:11:02]} Ng5 {[%clk 0:07:41]} 48. Ne3+ {[%clk 0:11:28]}
Kh5 {[%clk 0:08:08]} 49. Kd3 {[%clk 0:09:09]} Kg6 {[%clk 0:08:15]} 50. Nd5 {[%clk
0:09:34]} Ra7 {[%clk 0:06:31]} 51. Nf4+ {[%clk 0:09:23]} Kh6 {[%clk 0:06:58]} 52.
Rd5 {[%clk 0:09:28]} Ra3+ {[%clk 0:07:07]} 53. c3 {[%clk 0:08:24]} Nxe4 {[%clk
0:06:57]} 54. Kxe4 {[%clk 0:08:50]} Rxc3 {[%clk 0:07:23]} 55. Kf5 {[%clk
0:08:58]} Rf3 {[%clk 0:06:00]} 56. Rd7 {[%clk 0:06:28]} Rf1 {[%clk 0:06:22]} 57.
Ra7 {[%clk 0:06:17]} Rf2 {[%clk 0:05:47]} 58. Ke5 {[%clk 0:05:56]} Rf1 {[%clk
0:05:53]} 59. Rb7 {[%clk 0:03:19]} Re1+ {[%clk 0:06:04]} 60. Kf6 {[%clk 0:03:04]}
Rf1 {[%clk 0:06:30]} 61. Kf5 {[%clk 0:03:15]} Rf3 {[%clk 0:06:40]} 62. Rb8 {[%clk
0:02:21]} Rf1 {[%clk 0:06:47]} 63. Rg8 {[%clk 0:02:43]} Ra1 {[%clk 0:05:34]} 64.
Rg6+ {[%clk 0:02:19]} Kh7 {[%clk 0:06:00]} 65. Rg2 {[%clk 0:02:47]} Rf1 {[%clk
0:03:56]} 66. Rg4 {[%clk 0:03:02]} Ra1 {[%clk 0:04:11]} 67. Kf6 {[%clk 0:03:23]}
Ra6+ {[%clk 0:04:32]} 68. Ne6 {[%clk 0:03:49]} Rb6 {[%clk 0:05:00]} 69. Ra4
{[%clk 0:02:25]} Rd6 {[%clk 0:02:34]} 70. Ra8 {[%clk 0:01:42]} Rb6 {[%clk
0:02:50]} 71. Rc8 {[%clk 0:01:43]} Ra6 {[%clk 0:03:16]} 72. Rb8 {[%clk 0:02:10]}
Rd6 {[%clk 0:03:31]} 73. Re8 {[%clk 0:00:43]} Ra6 {[%clk 0:03:56]} 74. Rb8 {[%clk
0:00:42]} Rd6 {[%clk 0:04:22]} 75. Rb1 {[%clk 0:00:36]} Ra6 {[%clk 0:04:34]} 76.
Rd1 {[%clk 0:00:54]} Rb6 {[%clk 0:04:39]} 77. Rh1+ {[%clk 0:01:02]} Kg8 {[%clk
0:05:07]} 78. Rg1+ {[%clk 0:01:24]} Kh7 {[%clk 0:05:31]} 79. Rg2 {[%clk 0:00:51]}
Ra6 {[%clk 0:05:54]} 80. Rg7+ {[%clk 0:00:33]} Kh6 {[%clk 0:06:05]} 81. Rg8
{[%clk 0:00:35]} Kh5 {[%clk 0:06:31]} 82. Kf5 {[%clk 0:00:45]} Ra5+ {[%clk
0:06:55]} 83. Ke4 {[%clk 0:01:02]} Ra4+ {[%clk 0:07:20]} 84. Nd4 {[%clk 0:01:30]}
Kh6 {[%clk 0:07:44]} 85. Rg1 {[%clk 0:01:54]} Kh5 {[%clk 0:07:38]} 86. Ke5 {[%clk
0:01:58]} Ra5+ {[%clk 0:08:03]} 87. Kf4 {[%clk 0:02:20]} Ra4 {[%clk 0:08:17]} 88.
Rg5+ {[%clk 0:02:41]} Kh6 {[%clk 0:08:40]} 89. Rd5 {[%clk 0:03:04]} Ra1 {[%clk
0:07:35]} 90. Nf5+ {[%clk 0:03:30]} Kg6 {[%clk 0:07:59]} 91. Rd6+ {[%clk
0:03:58]} Kf7 {[%clk 0:08:25]} 92. Rd7+ {[%clk 0:04:19]} Ke6 {[%clk 0:08:49]} 93.
Rd6+ {[%clk 0:04:42]} Kf7 {[%clk 0:09:16]} 94. Ne3 {[%clk 0:05:02]} Ra5 {[%clk
0:09:06]} 95. Nd5 {[%clk 0:05:27]} Ra1 {[%clk 0:09:31]} 96. Kf5 {[%clk 0:05:55]}
Rf1+ {[%clk 0:09:55]} 97. Nf4 {[%clk 0:06:23]} Ke7 {[%clk 0:10:19]} 98. Ra6
{[%clk 0:06:47]} Kd7 {[%clk 0:10:44]} 99. Ke5 {[%clk 0:07:09]} Re1+ {[%clk
0:11:07]} 100. Kd5 {[%clk 0:07:37]} Rd1+ {[%clk 0:11:31]} 101. Ke5 {[%clk
0:08:06]} Re1+ {[%clk 0:11:57]} 102. Kd5 {[%clk 0:08:35]} Ke8 {[%clk 0:08:50]} *

[Event "Irena Warakomska Memorial 2019"]
[Site "Suwalki"]
[Date "2019.08.12"]
[Round "9"]
[White "Sadzikowski, Daniel"]
[Black "Caspi, Israel"]
[Result "1/2-1/2"]
[Board "6"]
[WhiteElo "2502"]
[WhiteTitle "GM"]
[WhiteCountry "POL"]
[WhiteFideId "1132253"]
[WhiteEloChange "-1"]
[BlackElo "2458"]
[BlackTitle "IM"]
[BlackCountry "ISR"]
[BlackFideId "2807394"]
[BlackEloChange "1"]

1. e4 {[%clk 1:30:53]} e5 {[%clk 1:30:47]} 2. Nf3 {[%clk 1:31:18]} Nf6 {[%clk
1:31:10]} 3. Nxe5 {[%clk 1:31:39]} d6 {[%clk 1:31:33]} 4. Nf3 {[%clk 1:32:06]}
Nxe4 {[%clk 1:31:58]} 5. d4 {[%clk 1:32:20]} d5 {[%clk 1:32:23]} 6. Bd3 {[%clk
1:32:43]} Bd6 {[%clk 1:32:32]} 7. O-O {[%clk 1:32:13]} O-O {[%clk 1:32:50]} 8. c4
{[%clk 1:32:36]} c6 {[%clk 1:32:45]} 9. Re1 {[%clk 1:32:19]} Bf5 {[%clk 1:32:19]}
10. Qb3 {[%clk 1:32:22]} Qd7 {[%clk 1:32:33]} 11. Nc3 {[%clk 1:31:04]} Nxc3
{[%clk 1:32:31]} 12. Bxf5 {[%clk 1:31:02]} Qxf5 {[%clk 1:32:54]} 13. Qxb7 {[%clk
1:31:24]} Qd7 {[%clk 1:32:47]} 14. Qxd7 {[%clk 1:31:48]} Nxd7 {[%clk 1:33:13]}
15. c5 {[%clk 1:32:13]} Bxh2+ {[%clk 1:33:36]} 16. Nxh2 {[%clk 1:32:22]} Ne4
{[%clk 1:32:33]} 17. Nf1 {[%clk 1:31:05]} Rfe8 {[%clk 1:26:30]} 18. f3 {[%clk
1:26:54]} Nef6 {[%clk 1:26:08]} 19. Bg5 {[%clk 1:27:22]} h6 {[%clk 1:19:23]} 20.
Bxf6 {[%clk 1:07:23]} Nxf6 {[%clk 1:19:00]} 21. Ne3 {[%clk 1:03:25]} g6 {[%clk
1:09:33]} 22. Nc2 {[%clk 1:02:58]} Rab8 {[%clk 1:07:40]} 23. b4 {[%clk 1:00:35]}
Kf8 {[%clk 1:07:05]} 24. Kf2 {[%clk 0:57:27]} Rxe1 {[%clk 0:54:15]} 25. Rxe1
{[%clk 0:56:12]} Ne8 {[%clk 0:54:12]} 26. g4 {[%clk 0:48:52]} 1/2-1/2

[Event "Irena Warakomska Memorial 2019"]
[Site "Suwalki"]
[Date "2019.08.12"]
[Round "9"]
[White "Karthik Venkataraman"]
[Black "Stupak, Kirill"]
[Result "1/2-1/2"]
[Board "7"]
[WhiteElo "2462"]
[WhiteTitle "GM"]
[WhiteCountry "IND"]
[WhiteFideId "25006479"]
[WhiteEloChange "1"]
[BlackElo "2561"]
[BlackTitle "GM"]
[BlackCountry "BLR"]
[BlackFideId "13503758"]
[BlackEloChange "-1"]

1. e4 {[%clk 1:30:57]} e6 {[%clk 1:27:50]} 2. d4 {[%clk 1:31:23]} d5 {[%clk
1:28:18]} 3. Nc3 {[%clk 1:31:44]} Bb4 {[%clk 1:28:37]} 4. e5 {[%clk 1:32:07]} Qd7
{[%clk 1:28:39]} 5. Qg4 {[%clk 1:32:26]} Bf8 {[%clk 1:29:05]} 6. Nf3 {[%clk
1:28:11]} b6 {[%clk 1:29:34]} 7. Bg5 {[%clk 1:26:58]} h6 {[%clk 1:26:29]} 8. Bd2
{[%clk 1:22:09]} Ne7 {[%clk 1:25:00]} 9. h4 {[%clk 1:22:20]} Ba6 {[%clk 1:17:34]}
10. Bxa6 {[%clk 1:20:55]} Nxa6 {[%clk 1:18:01]} 11. h5 {[%clk 1:21:18]} Nf5
{[%clk 1:14:26]} 12. O-O {[%clk 1:17:52]} c5 {[%clk 1:08:51]} 13. Ne2 {[%clk
1:14:21]} Qb5 {[%clk 1:03:12]} 14. Rfe1 {[%clk 1:14:33]} Nb4 {[%clk 0:58:05]} 15.
a4 {[%clk 1:05:53]} Qd7 {[%clk 0:54:38]} 16. Rac1 {[%clk 1:01:26]} a5 {[%clk
0:38:38]} 17. b3 {[%clk 0:54:44]} Be7 {[%clk 0:30:58]} 18. Ng3 {[%clk 0:38:18]}
O-O {[%clk 0:29:31]} 19. Kh2 {[%clk 0:38:00]} Rac8 {[%clk 0:26:03]} 20. Nxf5
{[%clk 0:36:15]} exf5 {[%clk 0:26:29]} 21. Qg3 {[%clk 0:36:38]} Qe6 {[%clk
0:24:40]} 22. Ng1 {[%clk 0:34:40]} f4 {[%clk 0:17:59]} 23. Bxf4 {[%clk 0:34:13]}
Qf5 {[%clk 0:18:26]} 24. Nh3 {[%clk 0:32:45]} Qxh5 {[%clk 0:13:09]} 25. c3 {[%clk
0:29:54]} Nc6 {[%clk 0:10:42]} 26. Be3 {[%clk 0:29:38]} cxd4 {[%clk 0:10:44]} 27.
cxd4 {[%clk 0:29:39]} Nb4 {[%clk 0:10:59]} 28. Kg1 {[%clk 0:29:20]} Kh7 {[%clk
0:07:17]} 29. Nf4 {[%clk 0:22:00]} Qf5 {[%clk 0:07:47]} 30. Qf3 {[%clk 0:22:18]}
Bg5 {[%clk 0:07:26]} 31. g4 {[%clk 0:15:09]} Qd7 {[%clk 0:07:55]} 32. Bd2 {[%clk
0:15:02]} Bxf4 {[%clk 0:04:13]} 33. Bxf4 {[%clk 0:15:27]} Qe6 {[%clk 0:04:32]}
34. Kg2 {[%clk 0:14:24]} Qg6 {[%clk 0:04:25]} 35. Rxc8 {[%clk 0:12:37]} Rxc8
{[%clk 0:04:54]} 36. Bg3 {[%clk 0:12:55]} Kg8 {[%clk 0:03:19]} 37. Kh3 {[%clk
0:08:43]} Qe6 {[%clk 0:02:18]} 38. Kg2 {[%clk 0:08:51]} Rc6 {[%clk 0:01:34]} 39.
Rh1 {[%clk 0:09:03]} Qg6 {[%clk 0:01:12]} 40. Bf4 {[%clk 0:36:28]} Qd3 {[%clk
0:30:34]} 41. Qxd3 {[%clk 0:35:33]} Nxd3 {[%clk 0:31:01]} 42. Be3 {[%clk
0:35:58]} Rc2 {[%clk 0:22:00]} 43. Rd1 {[%clk 0:36:00]} Rc3 {[%clk 0:18:50]} 44.
Rb1 {[%clk 0:36:24]} g5 {[%clk 0:12:36]} 45. Kf1 {[%clk 0:36:26]} Nb4 {[%clk
0:10:02]} 46. Ke2 {[%clk 0:35:24]} Rc2+ {[%clk 0:06:48]} 47. Kd1 {[%clk 0:35:02]}
Kg7 {[%clk 0:04:32]} 48. Rc1 {[%clk 0:34:46]} Rxc1+ {[%clk 0:03:15]} 1/2-1/2

[Event "Irena Warakomska Memorial 2019"]
[Site "Suwalki"]
[Date "2019.08.12"]
[Round "9"]
[White "Galperin, Platon"]
[Black "Czarnota, Pawel"]
[Result "1-0"]
[Board "8"]
[WhiteElo "2459"]
[WhiteCountry "UKR"]
[WhiteFideId "14165414"]
[WhiteEloChange "6"]
[BlackElo "2532"]
[BlackTitle "GM"]
[BlackCountry "POL"]
[BlackFideId "1121219"]
[BlackEloChange "-6"]

1. d4 {[%clk 1:24:30]} Nf6 {[%clk 1:30:26]} 2. c4 {[%clk 1:24:57]} g6 {[%clk
1:30:30]} 3. Nc3 {[%clk 1:24:53]} Bg7 {[%clk 1:30:52]} 4. e4 {[%clk 1:25:08]} d6
{[%clk 1:31:15]} 5. Be2 {[%clk 1:25:35]} O-O {[%clk 1:31:36]} 6. Be3 {[%clk
1:26:02]} e5 {[%clk 1:30:12]} 7. d5 {[%clk 1:26:27]} a5 {[%clk 1:30:33]} 8. g4
{[%clk 1:26:43]} Na6 {[%clk 1:29:51]} 9. g5 {[%clk 1:27:12]} Nd7 {[%clk 1:26:09]}
10. h4 {[%clk 1:27:39]} Ndc5 {[%clk 1:23:51]} 11. h5 {[%clk 1:04:22]} Bd7 {[%clk
1:23:13]} 12. Nf3 {[%clk 0:55:59]} a4 {[%clk 1:22:22]} 13. Rb1 {[%clk 0:55:33]}
c6 {[%clk 1:20:21]} 14. Kf1 {[%clk 0:50:03]} cxd5 {[%clk 1:10:58]} 15. cxd5
{[%clk 0:50:00]} b5 {[%clk 1:04:35]} 16. a3 {[%clk 0:49:59]} Rb8 {[%clk 1:03:56]}
17. Kg2 {[%clk 0:43:48]} Nb3 {[%clk 0:55:30]} 18. Qg1 {[%clk 0:30:36]} Nac5
{[%clk 0:36:54]} 19. Qh2 {[%clk 0:30:37]} Re8 {[%clk 0:37:17]} 20. hxg6 {[%clk
0:30:20]} hxg6 {[%clk 0:37:39]} 21. Qg3 {[%clk 0:04:40]} b4 {[%clk 0:34:46]} 22.
axb4 {[%clk 0:05:09]} Rxb4 {[%clk 0:35:15]} 23. Rh4 {[%clk 0:05:29]} Nd4 {[%clk
0:33:52]} 24. Rbh1 {[%clk 0:04:02]} Nxe2 {[%clk 0:22:30]} 25. Qh2 {[%clk
0:02:35]} Kf8 {[%clk 0:20:19]} 26. Bxc5 {[%clk 0:02:33]} dxc5 {[%clk 0:17:29]}
27. Nxe2 {[%clk 0:03:00]} Rxb2 {[%clk 0:11:48]} 28. Rh7 {[%clk 0:00:37]} Bg4
{[%clk 0:12:14]} 29. Rxg7 {[%clk 0:00:50]} Bh5 {[%clk 0:12:41]} 30. Rh7 {[%clk
0:00:36]} Rxe2 {[%clk 0:13:03]} 31. Rxh5 {[%clk 0:00:43]} gxh5 {[%clk 0:13:28]}
32. Qxh5 {[%clk 0:01:11]} Qb6 {[%clk 0:09:31]} 33. Nh4 {[%clk 0:01:14]} Qb2
{[%clk 0:08:32]} 34. Ng6+ {[%clk 0:01:11]} fxg6 {[%clk 0:07:42]} 35. Qh8+ {[%clk
0:01:38]} Ke7 {[%clk 0:08:06]} 36. Rh7+ {[%clk 0:01:48]} 1-0